Vista normal
Vista MARC
Entrada Personal Name
Número de registros utilizados en: 1
001 - CONTROL NUMBER
- control field: 39152
003 - CONTROL NUMBER IDENTIFIER
- control field: OSt
005 - DATE AND TIME OF LATEST TRANSACTION
- control field: 20210806104010.0
008 - FIXED-LENGTH DATA ELEMENTS
- fixed length control field: 210806|| aca||aabn | a|a d
040 ## - CATALOGING SOURCE
- Original cataloging agency: OSt
- Transcribing agency: OSt
100 ## - HEADING--PERSONAL NAME
- Personal name: Mutis, Álvaro
670 ## - SOURCE DATA FOUND
- Source citation: Work cat.: (OSt): Mutis, Álvaro, autor, La última escala del Tramp Steamer / , 2003.